000 00302cam a22001097a 4500
008 180718b-- xxu||||| |||| 00| 0 eng d
082 _aA45:U61 NBARD
100 _aNational Bank for Agriculture and Rural Development
245 _aAnnual report
260 _aMumbai
_bThe author
_c--
500 _aLibrary has
999 _c502511
_d502511